00448 a2200109 4500020001800000100003400018245001300052999001900065942004800084952010600132952010000238 a9780799325423 aOberholster, Corney 9107839 aIngulule c732478d732477 w2694xGrace Mofokengy296zPhillipina Naude 001040708F9664505aKINRLbKINRLcFICd2022-10-07l0p33228012015952r2022-10-07w2022-10-07yBOOK 001040708F9759982aVOLKLbVOLKLcFICd2026-04-16l0p8012016000r2026-04-16w2026-04-16yBK